000 00342 a2200109 4500
001 ART_50136
005 20260410162014.0
008 260409a
245 1 0 _aUna reforma legítima, democrática y eficiente
100 1 _aMenem, Eduardo
773 0 _tTemas de derecho administrativo
_g- Año 4, N° 11 (nov. 2019)
_wREV40468
999 _c32476
_d32476